000 01219cam a2200337 a 4500
001 17153398
005 20170105102904.0
008 120208s2011 ii a b 001 0 eng
010 _a 2012323453
020 _a9789381506011
025 _aI-E-2012-323453; 63-01
037 _bLibrary of Congress -- New Delhi Overseas Office
040 _aDLC
_cDLC
_dDLC
042 _alcode
_apcc
043 _aa-pk---
050 0 0 _aHV6433.P182
_bJ64 2011
082 _2363.325095491
100 1 _aJohn, Wilson,
_d1960-
245 1 4 _aThe Caliphate's soldiers :
_bthe Lashkar-e-Tayyeba's long war /
_cWilson John ; foreword by Ashley J. Tellis.
260 _aNew Delhi :
_bAmaryllis in association with Observer Research Foundation,
_c2011.
300 _axxxi, 295 p. :
_bill. ;
_c24 cm.
504 _aIncludes bibliographical references (p. [251]-273) and index.
610 2 0 _aJamat al-Dawa Pakistan.
650 0 _aTerrorism
_zPakistan
_xHistory.
650 0 _aTerrorism
_xReligious aspects
_xIslam.
650 0 _aIslam and politics
_zPakistan.
710 2 _aObserver Research Foundation.
906 _a7
_bcbc
_corigode
_d3
_encip
_f20
_gy-gencatlg
942 _2ddc
_cBK
999 _c14801
_d14801